|
|
|
|
| LEADER |
03971nam a2200817 4500 |
| 001 |
ocn781432689 |
| 003 |
OCoLC |
| 005 |
20170124071356.9 |
| 006 |
m o d |
| 007 |
cr ||||||||||| |
| 008 |
120321s2012 enk ob 001 0 eng |
| 010 |
|
|
|a 2012012156
|
| 040 |
|
|
|a DLC
|b eng
|e pn
|c DLC
|d EBLCP
|d MERUC
|d DG1
|d CDX
|d N$T
|d YDXCP
|d E7B
|d OCLCF
|d UKDOC
|d NLGGC
|d OCLCO
|d MHW
|d HEBIS
|d RECBK
|d OCLCQ
|d OCLCO
|d COO
|d OCLCQ
|d AZK
|d DG1
|d OCLCQ
|d GrThAP
|
| 019 |
|
|
|a 794164874
|a 898985773
|a 961516921
|a 962634073
|
| 020 |
|
|
|a 9781118346464
|q (ePub)
|
| 020 |
|
|
|a 1118346467
|q (ePub)
|
| 020 |
|
|
|a 9781118346440
|q (MobiPocket)
|
| 020 |
|
|
|a 1118346440
|q (MobiPocket)
|
| 020 |
|
|
|a 9781118346471
|q (Adobe PDF)
|
| 020 |
|
|
|a 1118346475
|q (Adobe PDF)
|
| 020 |
|
|
|a 9781118346457
|q (electronic bk.)
|
| 020 |
|
|
|a 1118346459
|q (electronic bk.)
|
| 020 |
|
|
|z 9780470711613
|q (cloth)
|
| 029 |
1 |
|
|a AU@
|b 000048927722
|
| 029 |
1 |
|
|a DEBBG
|b BV042790719
|
| 029 |
1 |
|
|a DKDLA
|b 820120-katalog:000599755
|
| 029 |
1 |
|
|a NZ1
|b 14693593
|
| 029 |
1 |
|
|a DEBBG
|b BV041828978
|
| 035 |
|
|
|a (OCoLC)781432689
|z (OCoLC)794164874
|z (OCoLC)898985773
|z (OCoLC)961516921
|z (OCoLC)962634073
|
| 042 |
|
|
|a pcc
|
| 050 |
0 |
0 |
|a QT37
|
| 060 |
1 |
0 |
|a QT 37
|
| 072 |
|
7 |
|a MED
|x 003040
|2 bisacsh
|
| 072 |
|
7 |
|a MED
|x 009000
|2 bisacsh
|
| 072 |
|
7 |
|a MED
|x 029000
|2 bisacsh
|
| 072 |
|
7 |
|a MED
|x 048000
|2 bisacsh
|
| 072 |
|
7 |
|a TEC
|x 059000
|2 bisacsh
|
| 082 |
0 |
0 |
|a 610.28
|2 23
|
| 049 |
|
|
|a MAIN
|
| 245 |
0 |
0 |
|a Bio-glasses :
|b an introduction /
|c [edited by] Julian Jones and Alexis G. Clare.
|
| 264 |
|
1 |
|a Chichester, West Sussex :
|b Wiley,
|c 2012.
|
| 300 |
|
|
|a 1 online resource.
|
| 336 |
|
|
|a text
|b txt
|2 rdacontent
|
| 337 |
|
|
|a computer
|b c
|2 rdamedia
|
| 338 |
|
|
|a online resource
|b cr
|2 rdacarrier
|
| 347 |
|
|
|a data file
|2 rda
|
| 380 |
|
|
|a Bibliography
|
| 504 |
|
|
|a Includes bibliographical references and index.
|
| 505 |
0 |
|
|a The unique nature of glass / Alexis G. Clare -- Melt derived bioactive glass / Matthew D. O'Donnell -- Sol-gel derived glasses for medicine / Julian R. Jones -- Phosphate glasses / Delia S. Brauer -- The structure of bioactive glasses and their surfaces / Alastair N. Cormack -- Bioactive borate glasses / Steven B. Jung -- Glass-ceramics / Wolfram H'land -- Bioactive glass- and glass-ceramic coatings / Enrica Vern -- Composites containing bioactive glass / Aldo R. Boccaccini and Qi-Zhi Chen -- Inorganic-organic sol-gel hybrids / Yuki Shirosaki [and others] -- Dental applications of glasses / Leena Hupa and Antti Yli-Urpo -- Bioactive glass as synthetic bone grafts and scaffolds for tissue engineering / Julian R. Jones -- Glasses for radiotherapy / Delbert E. Day.
|
| 588 |
0 |
|
|a Print version record and CIP data provided by publisher.
|
| 520 |
|
|
|a This new work is dedicated to glasses and their variants which can be used as biomaterials to repair diseased and damaged tissues. Bio-glasses are superior to other biomaterials in many applications, such as healing bone by signaling stem cells to become bone cells.
|
| 650 |
|
0 |
|a Biomedical materials.
|
| 650 |
|
0 |
|a Glass.
|
| 650 |
|
2 |
|a Biocompatible Materials.
|
| 650 |
|
2 |
|a Glass.
|
| 650 |
|
2 |
|a Drug Delivery Systems.
|
| 650 |
|
2 |
|a Regeneration.
|
| 650 |
|
2 |
|a Tissue Scaffolds.
|
| 650 |
|
7 |
|a MEDICAL
|x Allied Health Services
|x Medical Technology.
|2 bisacsh
|
| 650 |
|
7 |
|a MEDICAL
|x Biotechnology.
|2 bisacsh
|
| 650 |
|
7 |
|a MEDICAL
|x Family & General Practice.
|2 bisacsh
|
| 650 |
|
7 |
|a MEDICAL
|x Lasers in Medicine.
|2 bisacsh
|
| 650 |
|
7 |
|a TECHNOLOGY & ENGINEERING
|x Biomedical.
|2 bisacsh
|
| 650 |
|
7 |
|a Biomedical materials.
|2 fast
|0 (OCoLC)fst00832586
|
| 650 |
|
7 |
|a Glass.
|2 fast
|0 (OCoLC)fst00943029
|
| 655 |
|
4 |
|a Electronic books.
|
| 700 |
1 |
|
|a Jones, Julian R.
|
| 700 |
1 |
|
|a Clare, Alexis.
|
| 776 |
0 |
8 |
|i Print version:
|t Bio-glasses.
|d Chichester, West Sussex : Wiley, 2012
|z 9780470711613
|w (DLC) 2012008850
|
| 856 |
4 |
0 |
|u https://doi.org/10.1002/9781118346457
|z Full Text via HEAL-Link
|
| 994 |
|
|
|a 92
|b DG1
|